[Event "Volme op-G"]
[Site "Schalksmuehle"]
[Date "2007.08.25"]
[Round "2"]
[White "Stork, Bernhard"]
[Black "Hinz, Lothar"]
[Result "1/2-1/2"]
[WhiteElo "1478"]
[BlackElo "1512"]
[PlyCount "92"]
[EventDate "2007.08.24"]
[EventType "tourn"]
[EventRounds "5"]
[EventCountry "GER"]
[SourceTitle "EXT 2009"]
[Source "ChessBase"]
[SourceDate "2008.11.26"]
[SourceVersion "1"]
[SourceVersionDate "2008.11.26"]
[SourceQuality "1"]

1. e4 d5 2. exd5 Nf6 3. Nc3 Nxd5 4. Nxd5 Qxd5 5. Qf3 Qxf3 6. Nxf3 c6 7. d4 Bf5 8. c3 e6 9. Bf4 Nd7 10. 0-0-0 0-0-0 11. Nh4 Be7 12. Nxf5 exf5 13. Bd3 g5 14. Bd2 f4 15. Bf5 Kb8 16. h4 f6 17. Rde1 Bd6 18. Re6 Nb6 19. hxg5 fxg5 20. Rhh6 Nc4 21. b3 Nxd2 22. Kxd2 Kc7 23. f3 Bf8 24. Rxh7+ Rxh7 25. Bxh7 Rd7 26. Bf5 Rf7 27. Bg4 Be7 28. Kd3 b6 29. Bh5 Rh7 30. Bg6 Rg7 31. Be8 c5 32. d5 Bd6 33. Bh5 Re7 34. Rxe7+ Bxe7 35. Bf7 Kd6 36. Kc4 a5 37. a4 Bd8 38. Be6 Kc7 39. Kb5 Kd6 40. Ka6 Kc7 41. Ka7 Be7 42. Ka6 Bd8 43. Kb5 Kd6 44. Kc4 Ke5 45. Kd3 Be7 46. c4 Bd8 1/2-1/2